[Event "CAN-ch U12 Girls"]
[Site "Windsor"]
[Date "2016.07.06"]
[Round "3.76"]
[White "Lin, Alle"]
[Black "Everitt, Marie"]
[Result "1-0"]
[WhiteElo "1108"]
[BlackElo "743"]
[PlyCount "69"]
[EventDate "2016.07.05"]
[EventType "swiss"]
[EventRounds "7"]
[EventCountry "CAN"]
[SourceTitle "EXT 2022"]
[Source "ChessBase"]
[SourceDate "2021.10.06"]
[SourceVersion "1"]
[SourceVersionDate "2021.10.06"]
[SourceQuality "1"]

1. e4 d6 2. d4 Nf6 3. Nc3 g6 4. Nf3 Bg7 5. Bg5 0-0 6. Bd3 Bg4 7. Be2 c5 8. d5 Nbd7 9. h3 Bxf3 10. Bxf3 Ne5 11. g4 Nxf3+ 12. Qxf3 Qb6 13. 0-0-0 e6 14. Bxf6 Bxf6 15. Qxf6 Qd8 16. e5 dxe5 17. Qxe5 a6 18. dxe6 Qe7 19. Rd7 Qxe6 20. Re7 Rae8 21. Rxe6 Rxe6 22. Qxc5 b6 23. Qd4 b5 24. Ne4 f5 25. gxf5 gxf5 26. Rg1+ Rg6 27. Rxg6+ hxg6 28. Qd5+ Kg7 29. Qd7+ Rf7 30. Qd4+ Kh6 31. Qe3+ f4 32. Qf3 Kh7 33. Ng5+ Kg7 34. Nxf7 Kxf7 35. Qxf4+ 1-0